Zwyciężcy Konkursu Piosenki Eurowizji (Dla Kolegi Ignacego) - Statystyki

Ogólne statystyki
  • Ten quiz został rozwiązany 379 razy
    339 od ostatniego zresetowania
  • Średni wynik to 18 z 26
Statystyki odpowiedzi
Rok Piosenka Państwo % Poprawnych
2018 Toy Izrael
97%
2015 Heroes Szwecja
94%
2019 Arcade Holandia
93%
2017 Amar Pelos Dois Portugalia
90%
2016 1944 Ukraina
90%
2014 Rise Like a Phoenix Austria
88%
2012 Euphoria Szwecja
86%
2009 Fairytale Norwegia
85%
2010 Satelite Niemcy
83%
2006 Hard Rock Hallelujah Finlandia
81%
2013 Only Teardrops Dania
73%
2007 Molitva Serbia
69%
2011 Running Scared Azerbejdżan
67%
1994 Rock ’n’ Roll Kids Irlandia
65%
2008 Believe Rosja
65%
2004 Wild Dances Ukraina
64%
2005 My Number One Grecja
61%
2001 Everybody Estonia
53%
2003 Everyway That I Can Turcja
53%
1998 Diva Izrael
51%
2002 I Wanna Łotwa
50%
2000 Fly on the Wings of Love Dania
48%
1996 The Voice Irlandia
44%
1999 Take Me To Your Heaven Szwecja
44%
1997 Love Shine a Light Wielka Brytania
37%
1995 Nocturne Norwegia
35%
Nie znaleziono quizów pasujących do podanych kryteriów
Rozkład punktacji
Procent ludzi z każdym wynikiem
Percentyl według liczby udzielonych odpowiedzi
Twoja historia wyników
Nie rozwiązałeś tego quizu od ostatniego zresetowania